| 000 | 00616nam a2200193 a 4500 | ||
|---|---|---|---|
| 001 | 14490 | ||
| 003 | CO-ViMGA | ||
| 008 | 141112s2004 ck r 000 u spa d | ||
| 040 |
_aCO-ViMGA _bspa _cCO-ViMGA |
||
| 082 | 0 | 4 | _aMEVIECAR.64 T435p |
| 110 |
_aEl tiempo _98972 |
||
| 245 | 1 | 0 | _aPráctico curso de informática e internet |
| 260 |
_aSanta Fe de Bogotá : _bEl tiempo, _c2000 |
||
| 505 | _aHardware y software Windows Word 2000 Internet Excel 2000 Outlook 2000 Powerpoint 2000 Multimedia Conocer el Computador | ||
| 650 | 1 | 4 | _aCOMPUTADORES |
| 650 | 1 | 4 |
_aINTERNET _951 |
| 650 | 1 | 4 |
_aWORD _955051 |
| 942 |
_2ddc _cBK |
||
| 999 |
_c25117 _d25117 |
||